[Event "Oberfranken-ch"]
[Site "Schney"]
[Date "2018.01.04"]
[Round "3.2"]
[White "Reifschneider, Melissa"]
[Black "Becic, Tarek"]
[Result "1-0"]
[WhiteElo "1245"]
[BlackElo "1031"]
[PlyCount "71"]
[EventDate "2018.01.03"]
[EventType "swiss"]
[EventRounds "7"]
[EventCountry "GER"]
[SourceTitle "EXT 2022"]
[Source "ChessBase"]
[SourceDate "2021.10.06"]
[SourceVersion "1"]
[SourceVersionDate "2021.10.06"]
[SourceQuality "1"]

1. d4 Nf6 2. Nc3 d6 3. e4 Nbd7 4. Bd3 b6 5. Nf3 Bb7 6. Be3 g6 7. 0-0 Bg7 8. h3 0-0 9. Qd2 e5 10. d5 Nc5 11. a3 c6 12. Bg5 Qd7 13. Bxf6 Bxf6 14. b4 Nxd3 15. Qxd3 cxd5 16. Nxd5 Bg7 17. Rfd1 Bxd5 18. Qxd5 Rad8 19. c4 Qe6 20. Ng5 Qxd5 21. Rxd5 h6 22. Nf3 f5 23. exf5 e4 24. Nd4 gxf5 25. Rd1 Bxd4 26. R1xd4 Rf6 27. c5 a5 28. cxb6 axb4 29. Rxb4 Kf7 30. b7 Ke6 31. Ra5 Rff8 32. Rab5 Rb8 33. a4 f4 34. Rxe4+ Kd7 35. a5 Kc6 36. Reb4 1-0

[Event "Oberfranken-ch"]
[Site "Schney"]
[Date "2018.01.03"]
[Round "2.3"]
[White "Becic, Tarek"]
[Black "Gorka, Merle"]
[Result "1-0"]
[WhiteElo "1031"]
[BlackElo "1241"]
[PlyCount "89"]
[EventDate "2018.01.03"]
[EventType "swiss"]
[EventRounds "7"]
[EventCountry "GER"]
[SourceTitle "EXT 2022"]
[Source "ChessBase"]
[SourceDate "2021.10.06"]
[SourceVersion "1"]
[SourceVersionDate "2021.10.06"]
[SourceQuality "1"]

1. e4 c5 2. Bc4 Nc6 3. Nc3 d6 4. d3 a6 5. a3 Nd4 6. Be3 b5 7. Ba2 e6 8. Nf3 Be7 9. Bxd4 cxd4 10. Nxd4 Qb6 11. Nf3 Nf6 12. Qe2 0-0 13. Qe3 Qxe3+ 14. fxe3 e5 15. 0-0-0 Ng4 16. Rde1 Be6 17. Bd5 Rab8 18. h3 Nh6 19. d4 exd4 20. exd4 Bxd5 21. Nxd5 Rfe8 22. Nc7 Rec8 23. Nxa6 Rb7 24. e5 dxe5 25. Rxe5 Bd6 26. Nc5 Rbc7 27. Rd5 Bxc5 28. dxc5 Rxc5 29. Rxc5 Rxc5 30. Re1 Rc8 31. Re5 Rb8 32. Kd2 f6 33. Re4 Nf5 34. a4 bxa4 35. Rxa4 Rxb2 36. Kd3 Kf7 37. c4 Nd6 38. c5 Nb5 39. Nd4 Ke7 40. Nxb5 Rxb5 41. Kc4 Rb7 42. Kd5 Rc7 43. c6 Kd8 44. Kd6 Re7 45. Ra8# 1-0